Histoire de France par lettre - U - Statistiques

Statistiques générales
  • Ce quiz a été pris 12 010 fois
  • Le résultat moyen est 11 sur 20
Statistiques - réponses
Indices Réponses % Correct
Elément dont Henri Becquerel découvrit la radioactivité en 1896 Uranium
95%
Planète observée à douze reprises par Pierre Charles Le Monnier entre 1750 et 1769 Uranus
93%
Plage du débarquement de Normandie portant le nom d'un état américain Utah Beach
85%
Terme créé par Thomas Moore réutilisé pour la première fois par Rabelais en 1534 pour désigner une société fictionnelle parfaite vivant dans le bonheur et l'harmonie Utopie
85%
On lui doit la création d'Astérix avec son compère René Goscinny Albert Uderzo
71%
OJNI dont Jean Monnet est l'un des pères fondateurs et Strasbourg le siège du Parlement Union européenne
69%
Renommé Les Républicains par Nicolas Sarkozy en 2015 UMP
68%
La première de France est fondée à Paris en 1150, la deuxième à Toulouse en 1229 Université
68%
Pays de naissance du poète français Jules Supervielle Uruguay
68%
Pape français ayant appelé à la première croisade depuis Clermont en 1095 Urbain II
59%
Pays dont de Gaulle fut le premier dirigeant étranger à visiter le cosmodrome, en 1966 URSS
57%
Victoire napoléonienne sur l'Autriche en 1805 ou petit aéronef Ulm
56%
Ville néerlandaise où le traité mettant fin à la guerre de succession espagnole et aux affrontements entre Français et Britanniques est signé en 1713 Utrecht
53%
Acteur tragiquement décédé en 2022 célèbre pour ses rôles dans Saint-Laurent, Les Egarés, ou encore La Princesse de Montpensier Gaspard Ulliel
37%
Sous-marins allemands notamment basés à Bordeaux, Saint-Nazaire, Brest, Lorient et La Rochelle pendant la Seconde Guerre mondiale U-Boot
33%
Multinationale qu'Emmanuel Macron est accusé d'avoir aidé à s'implanter en France alors qu'il était ministre de l'Economie, entre 2014 et 2016 Uber
32%
Cité médiévale du Gard marquée par les guerres de religion parfois surnommée "premier duché de France" Uzès
28%
Mouvement de rapprochement des différentes forces politiques françaises au déclenchement de la Grande Guerre Union sacrée
23%
Prénom de Gallet dans Gargantua et de Stern dans Code Lyoko Ulrich
22%
Ecrivain précieux à qui on doit notamment L'Astrée, premier roman fleuve français Honoré d'Urfé
7%
Aucun quiz correspondant
Distribution des résultats
% des personnes avec chaque résultat
Percentile par nombre de réponses
Votre historique - résultats
Vous n’avez pas pris ce quiz